Catálogo - Centro de Recursos para el Aprendizaje y la Investigación

Volver al Sitio - CRAI Biblioteca

Lecciones de derecho internacional público / (Registro nro. 114119)

Detalles MARC
000 -CABECERA
campo de control de longitud fija 02588nam a22002657a 4500
001 - NÚMERO DE CONTROL
campo de control 114119
003 - IDENTIFICADOR DEL NÚMERO DE CONTROL
campo de control DR-UNIBE
005 - FECHA Y HORA DE LA ÚLTIMA TRANSACCIÓN
campo de control 20251002101533.0
008 - DATOS DE LONGITUD FIJA--INFORMACIÓN GENERAL
campo de control de longitud fija 251001b2023 sp ||||| |||| 00| 0 spa d
020 ## - NÚMERO INTERNACIONAL ESTÁNDAR DEL LIBRO
Número Internacional Estándar del Libro 9788411972383
040 ## - FUENTE DE LA CATALOGACIÓN
Centro catalogador/agencia de origen BIBLIOTECA UNIBE
Centro/agencia transcriptor BIBLIOTECA UNIBE
Normas de descripción rda
041 ## - CÓDIGO DE LENGUA
Código de lengua del texto/banda sonora o título independiente spa
082 ## - NÚMERO DE LA CLASIFICACIÓN DECIMAL DEWEY
Número de clasificación 341.6 J96L 2023
100 ## - ENTRADA PRINCIPAL--NOMBRE DE PERSONA
Nombre de persona Juste Ruíz, José
Término indicativo de función/relación autor
9 (RLIN) 108509
245 10 - MENCIÓN DE TÍTULO
Título Lecciones de derecho internacional público /
Mención de responsabilidad, etc. José Juste Ruiz, Mireya Castillo Daudí, Valentín Bou Franch
250 ## - MENCIÓN DE EDICIÓN
Mención de edición Cuarta edición
260 ## - PUBLICACIÓN, DISTRIBUCIÓN, ETC.
Lugar de publicación, distribución, etc. Valencia :
Nombre del editor, distribuidor, etc. Tirant lo Blanch,
Fecha de publicación, distribución, etc. 2023
300 ## - DESCRIPCIÓN FÍSICA
Extensión 670 páginas
490 ## - MENCIÓN DE SERIE
Mención de serie Tirant lo Blanch. Manuales
505 ## - NOTA DE CONTENIDO CON FORMATO
Nota de contenido con formato PARTE PRIMERA. EL ORDENAMIENTO JURÍDICO INTERNACIONAL |<br/>Lección 1. COMUNIDAD INTERNACIONAL Y DERECHO INTERNACIONAL |<br/>PARTE SEGUNDA. LA CREACIÓN DEL DERECHO INTERNACIONAL |<br/>Lección 2 LAS FUENTES DEL DERECHO INTERNACIONAL |<br/>Lección 3. LOS TRATADOS INTERNACIONALES |<br/>PARTE TERCERA. LOS SUJETOS DEL DERECHO INTERNACIONAL |<br/>Lección 4. LA PERSONALIDAD INTERNACIONAL |<br/>Lección 5. EL ESTADO COMO SUJETO DEL DERECHO INTERNACIONAL |<br/>Lección 6. LOS ÓRGANOS ESTATALES DE LAS RELACIONES INTERNACIONALES |<br/>Lección 7. LA ORGANIZACIÓN DE LAS NACIONES UNIDAS (ONU) |<br/>PARTE CUARTA. LA REGULACIÓN INTERNACIONAL DE LAS COMPETENCIAS DEL ESTADO |<br/>Lección 8. LAS COMPETENCIAS DEL ESTADO SOBRE EL TERRITORIO |<br/>Lección 9. LAS COMPETENCIAS DEL ESTADO SOBRE LOS ESPACIOS MARINOS Y SOBRE EL ESPACIO AÉREO |<br/>Lección 10. COMPETENCIAS DE LOS ESTADOS SOBRE OTROS ESPACIOS NO SUJETOS A LA SOBERANIA |<br/>Lección 11. LAS COMPETENCIAS DEL ESTADO SOBRE LAS PERSONAS |<br/>PARTE QUINTA. OTRAS FUNCIONES FUNDAMENTALES DEL DERECHO INTERNACIONAL |<br/>Lección 12. EL MANTENIMIENTO DE LA PAZ Y DE LA SEGURIDAD INTERNACIONALES |<br/>Lección 13. LA PROTECCIÓN INTERNACIONAL DE LOS DERECHOS HUMANOS |<br/>Lección 14. LA PROTECCIÓN INTERNACIONAL DEL MEDIO AMBIENTE |<br/>PARTE SEXTA. LA APLICACIÓN DEL DERECHO INTERNACIONAL |<br/>Lección 15. LA APLICACIÓN DEL DERECHO INTERNACIONAL EN EL DERECHO INTERNO |<br/>Lección 16. LA RESPONSABILIDAD INTERNACIONAL |<br/>Lección 17. LOS MECANISMOS PARA ASEGURAR LA APLICACION DEL DERECHO INTERNACIONAL |<br/>Lección 18. EL ARREGLO PACÍFICO DE CONTROVERSIAS INTERNACIONALES: LOS MEDIOS DE SOLUCIÓN POLÍTICOS |<br/>Lección 19. EL ARREGLO PACÍFICO DE LAS CONTROVERSIAS INTERNACIONALES: LOS MEDIOS DE SOLUCIÓN JURISDICCIONAL |<br/>
650 #7 - PUNTO DE ACCESO ADICIONAL DE MATERIA--TÉRMINO DE MATERIA
Fuente del encabezamiento o término lemb
Término de materia o nombre geográfico como elemento de entrada Derecho internacional público
700 ## - PUNTO DE ACCESO ADICIONAL--NOMBRE DE PERSONA
Nombre de persona Castillo Daudí, Mireya
9 (RLIN) 199470
Término indicativo de función/relación autor
700 ## - PUNTO DE ACCESO ADICIONAL--NOMBRE DE PERSONA
Nombre de persona Bou Franch, Valentín
9 (RLIN) 199471
Término indicativo de función/relación autor
942 ## - ELEMENTOS DE PUNTO DE ACCESO ADICIONAL (KOHA)
Fuente del sistema de clasificación o colocación Sistema de Clasificación Decimal Dewey
Tipo de ítem Koha Libro (general)
Existencias
Estado de retiro Estado de pérdida Fuente del sistema de clasificación o colocación No para préstamo Código de colección Localización permanente Ubicación en estantería Fecha de adquisición Total de préstamos Signatura topográfica completa Código de barras Fecha visto por última vez Número de copia Precio válido a partir de Tipo de ítem Koha
  Disponible Sistema de Clasificación Decimal Dewey   General Biblioteca Central UNIBE Área de exhibición 02/10/2025   341.6 J96L 2023 251043 02/10/2025 Ej. 1 02/10/2025 Libro (general)